Mark Twain y su mundo

保存先:
書誌詳細
第一著者: Eaton, Jeanette
フォーマット: 図書
言語:Undetermined
出版事項: México, Distrito Federal Limusa 1986
主題:
タグ: タグ追加
タグなし, このレコードへの初めてのタグを付けませんか!

MARC

LEADER 00000nam a2200000Ia 4500
008 170316s9999 xx 000 0 und d
090 |a 810 E-3m 
100 |a Eaton, Jeanette 
245 |a Mark Twain y su mundo 
260 |a México, Distrito Federal 
260 |b Limusa 
260 |c 1986 
300 |a 269 páginas 
650 |a LITERATURA ESTADOUNIDENSE 
999 |c 20970  |d 20970 
040 |a cru BVZT 
942 |c 15 D  |h 810 E-3m  |2 z